000 01156nam a2200289Ia 4500
003 OSt
005 20220923230946.0
006 a|||||r|||| 00| 0
007 ta
008 220922b |||||||| |||| 00| 0 hin d
020 _c200
024 _a324,719
037 _b1292, 13/03/2018, Akshar Publishers & Distributors
_cTextual
040 _aARTS
_cARTS
_bhin
041 _2hin
_ahin
082 _aO152,1:g, M6
100 _aत्रिपाठी, राममनोहर, ले.
245 0 _aहिन्दी कविता संवेदना और दृष्टि
246 _aHindī kavitā sanvedanā aur dṛuṣhṭi
260 _aनई दिल्ली
_b नेशनल पब्लिशिंग हाउस
_c1986
300 _a182पृ.
_ccm.
650 _a हिन्दी आलोचना
650 _a हिन्दी साहित्य
_9156264
650 _aहिन्दी कविता
942 _hO152,1:g, M6
_cTEXL
_2CC
999 _c388463
_d388463